The role of chromosomal change in plant evolution.

Gorde:
Xehetasun bibliografikoak
Egile nagusia: Levin, Donald A (Egilea)
Formatua: Liburua
Hizkuntza:ingelesa
Argitaratua: New York, USA: Oxford University Press, 2002.
Saila:Oxfod Series in Ecology and Evolution.
Gaiak:
Etiketak: Etiketa erantsi
Etiketarik gabe, Izan zaitez lehena erregistro honi etiketa jartzen!

MARC

LEADER 00000nam a2200000 a 4500
001 UCL3686
003 CL-VaPUC
005 20240117154507.0
008 031205e20020000US |||||||||||||||||eng|d
999 |c 306698  |d 306696 
020 |a 0195138597 
040 |c Pontificia Universidad Católica de Valparaíso 
082 0 4 |a 581.38 LEV 2002  |2 21 
100 0 |a Levin, Donald A  |9 481063  |e author 
245 1 4 |a The role of chromosomal change in plant evolution. 
260 0 3 |a New York, USA:  |b Oxford University Press,  |c 2002. 
300 |a 230 páginas. 
490 0 |a Oxfod Series in Ecology and Evolution. 
583 |a last modification  |c 20031205 00:00:00  |k Rodrigo Vera 
650 0 |a Plantas  |9 264555  |x Cromosomas 
650 7 |a Evolución de las plantas  |2 CL-VaPUC  |9 264810 
650 0 |a Biología de las plantas  |9 432723 
942 |c BK  |2 ddc 
945 |d 20031205 00:00:00  |a cmena 
952 |0 0  |1 0  |2 ddc  |4 0  |6 581_380000000000000_LEV_2002  |7 0  |8 A  |9 371931  |a BIBCUR  |b BIBCUR  |d 2019-11-21  |i 3972437  |o 581.38 LEV 2002  |p 3972437  |r 2025-04-22  |t 1  |w 2019-11-21  |y BK  |k BIO 
952 |0 0  |1 0  |2 ddc  |4 0  |6 581_380000000000000_LEV_2002  |7 0  |8 A  |9 588483  |a BIBCUR  |b BIBCUR  |c GEN  |d 2023-01-03  |e 3  |g 60271.00  |i 5656263  |o 581.38 LEV 2002  |p 5656263  |r 2024-01-29  |t 2  |v 60271.00  |w 2023-01-03  |y BK  |k BIO 
952 |0 0  |1 0  |2 ddc  |4 0  |6 581_380000000000000_LEV_2002  |7 0  |8 A  |9 592673  |a BIBCUR  |b BIBCUR  |c GEN  |d 2023-11-27  |e 13  |g 63665.00  |i 5659670  |o 581.38 LEV 2002  |p 5659670  |r 2025-04-22  |t 3  |v 63665.00  |w 2023-11-27  |y BK  |k BIO 
952 |0 0  |1 0  |2 ddc  |4 0  |6 581_380000000000000_LEV_2002  |7 0  |8 A  |9 592674  |a BIBCUR  |b BIBCUR  |c GEN  |d 2023-11-27  |e 13  |g 63665.00  |i 5659671  |o 581.38 LEV 2002  |p 5659671  |r 2025-04-22  |t 4  |v 63665.00  |w 2023-11-27  |y BK  |k BIO